Ecrivez le plus de z en 1 minute - Statistiques

Statistiques générales
  • Ce quiz a été pris 675 fois
  • Le résultat moyen est 387 sur 500
Statistiques - réponses
Z % Correct
z
100%
z
100%
z
100%
z
100%
z
100%
z
100%
z
100%
z
99%
z
99%
z
99%
z
99%
z
99%
z
99%
z
98%
z
98%
z
98%
z
98%
z
98%
z
98%
z
98%
z
98%
z
98%
z
98%
z
98%
z
98%
z
98%
z
98%
z
98%
z
98%
z
98%
z
98%
z
98%
z
98%
z
97%
z
97%
z
97%
z
97%
z
97%
z
97%
z
97%
z
97%
z
97%
z
97%
z
97%
z
97%
z
97%
z
97%
z
97%
z
97%
z
97%
z
97%
z
97%
z
97%
z
97%
z
97%
z
97%
z
97%
z
97%
z
97%
z
97%
z
97%
z
97%
z
97%
z
97%
z
97%
z
97%
z
97%
z
97%
z
97%
z
97%
z
97%
z
97%
z
97%
z
97%
z
97%
z
97%
z
97%
z
97%
z
97%
z
97%
z
97%
z
97%
z
97%
z
97%
z
97%
z
97%
z
97%
z
97%
z
97%
z
97%
z
97%
z
97%
z
97%
z
97%
z
97%
z
97%
z
96%
z
96%
z
96%
z
96%
z
96%
z
96%
z
96%
z
96%
z
96%
z
96%
z
96%
z
96%
z
96%
z
96%
z
96%
z
96%
z
96%
z
96%
z
96%
z
96%
z
96%
z
96%
z
96%
z
96%
z
96%
z
96%
z
96%
z
96%
z
96%
z
96%
z
96%
z
96%
z
96%
z
96%
z
96%
z
96%
z
96%
z
96%
z
96%
z
96%
z
96%
z
95%
z
95%
z
95%
z
95%
z
95%
z
95%
z
95%
z
95%
z
95%
z
95%
z
95%
z
95%
z
95%
z
95%
z
95%
z
95%
z
95%
z
95%
z
95%
z
95%
z
95%
z
95%
z
95%
z
95%
z
95%
z
95%
z
95%
z
95%
z
95%
z
95%
z
95%
z
95%
z
95%
z
94%
z
94%
z
94%
z
94%
z
94%
z
94%
z
94%
z
94%
z
94%
z
94%
z
94%
z
94%
z
94%
z
94%
z
94%
z
94%
z
94%
z
94%
z
94%
z
94%
z
94%
z
94%
z
94%
z
94%
z
94%
z
93%
z
93%
z
93%
z
93%
z
93%
z
93%
z
93%
z
93%
z
93%
z
93%
z
93%
z
93%
z
93%
z
93%
z
93%
z
93%
z
93%
z
93%
z
92%
z
92%
z
92%
z
92%
z
92%
z
92%
z
92%
z
92%
z
92%
z
92%
z
92%
z
92%
z
92%
z
92%
z
92%
z
92%
z
92%
z
92%
z
92%
z
92%
z
92%
z
92%
z
92%
z
92%
z
92%
z
92%
z
92%
z
92%
z
92%
z
92%
z
92%
z
92%
z
92%
z
92%
z
92%
z
91%
z
91%
z
91%
z
91%
z
91%
z
91%
z
91%
z
91%
z
91%
z
91%
z
91%
z
91%
z
90%
z
90%
z
90%
z
90%
z
90%
z
90%
z
90%
z
89%
z
89%
z
89%
z
89%
z
89%
z
89%
z
88%
z
88%
z
88%
z
88%
z
88%
z
88%
z
88%
z
87%
z
87%
z
87%
z
87%
z
86%
z
86%
z
86%
z
86%
z
86%
z
86%
z
86%
z
86%
z
86%
z
86%
z
85%
z
85%
z
85%
z
85%
z
85%
z
85%
z
84%
z
84%
z
83%
z
83%
z
83%
z
82%
z
82%
z
82%
z
82%
z
81%
z
81%
z
81%
z
80%
z
80%
z
79%
z
79%
z
79%
z
78%
z
78%
z
78%
z
78%
z
77%
z
77%
z
76%
z
76%
z
76%
z
76%
z
75%
z
75%
z
74%
z
74%
z
74%
z
74%
z
73%
z
73%
z
72%
z
72%
z
72%
z
72%
z
71%
z
70%
z
69%
z
69%
z
68%
z
68%
z
67%
z
66%
z
66%
z
65%
z
64%
z
64%
z
63%
z
63%
z
62%
z
62%
z
61%
z
61%
z
61%
z
61%
z
60%
z
59%
z
59%
z
59%
z
59%
z
58%
z
58%
z
58%
z
57%
z
57%
z
57%
z
57%
z
57%
z
56%
z
56%
z
55%
z
54%
z
54%
z
53%
z
53%
z
53%
z
53%
z
53%
z
52%
z
52%
z
51%
z
51%
z
50%
z
50%
z
50%
z
49%
z
49%
z
49%
z
49%
z
48%
z
48%
z
48%
z
48%
z
48%
z
48%
z
48%
z
47%
z
47%
z
47%
z
47%
z
47%
z
46%
z
46%
z
46%
z
45%
z
45%
z
45%
z
45%
z
45%
z
45%
z
45%
z
45%
z
44%
z
44%
z
44%
z
44%
z
43%
z
43%
z
42%
z
42%
z
42%
z
42%
z
42%
z
42%
z
42%
z
42%
z
42%
z
42%
z
41%
z
41%
z
41%
z
41%
z
41%
z
40%
z
40%
z
40%
z
40%
z
40%
z
40%
z
40%
z
40%
z
40%
z
39%
z
39%
z
39%
z
39%
z
39%
z
39%
z
38%
z
38%
z
38%
z
38%
z
38%
z
38%
z
38%
z
38%
z
37%
z
37%
z
37%
z
37%
z
37%
z
37%
z
37%
z
37%
z
37%
z
37%
z
37%
z
37%
z
37%
z
37%
z
37%
z
37%
z
37%
z
37%
z
37%
z
37%
z
37%
z
37%
z
36%
z
36%
z
36%
z
36%
z
36%
z
36%
z
36%
z
36%
z
36%
z
36%
z
36%
z
36%
z
36%
z
36%
z
36%
z
36%
z
36%
z
36%
Aucun quiz correspondant
Distribution des résultats
% des personnes avec chaque résultat
Percentile par nombre de réponses
Votre historique - résultats
Vous n’avez pas pris ce quiz